书目信息 |
| 题名: |
1966-1976年中国九大地震
|
|
| 作者: | 马宗晋 著 | |
| 分册: | ||
| 出版信息: | 北京 地震出版社 1982 |
|
| 页数: | 216页 | |
| 开本: | 25cm | |
| 丛书名: | ||
| 单 册: | ||
| 中图分类: | P316.2 | |
| 科图分类: | ||
| 主题词: | 地震志--中国--1966~1976 | |
| 电子资源: | ||
| ISBN: | ||
| 000 | 00627nam0 2200229 45 | |
| 001 | 0182005867 | |
| 005 | 20061122083429.71 | |
| 010 | @dCNY1.80 | |
| 091 | @a13180.155 | |
| 100 | @a19950104d1982 em y0chiy0121 ea | |
| 101 | 0 | @achi |
| 102 | @aCN@b110000 | |
| 105 | @ay z 000yy | |
| 200 | 10 | @a1966-1976年中国九大地震@A1966-1976 nian zhong guo jiu da di zhen@f马宗晋著 |
| 210 | @a北京@c地震出版社@d1982 | |
| 215 | @a216页@d25cm | |
| 606 | @a地震志@y中国@z1966~1976 | |
| 690 | @aP316.2@v3 | |
| 701 | 0 | @a马宗晋@Ama zong jin@4著 |
| 801 | 0 | @aCN@bTSSF@c20061122 |
| 801 | 2 | @aCN@bNLC@c20060912 |
| 905 | @a10447@dP316.2@e12 | |
| 1966-1976年中国九大地震/马宗晋著.-北京:地震出版社,1982 |
| 216页;25cm |
| ISBN :CNY1.80 |
| ● |
| 相关链接 |
|
|
|
|
正题名:1966-1976年中国九大地震
索取号:P316.2/12
 
预约/预借
| 序号 | 登录号 | 条形码 | 馆藏地/架位号 | 状态 | 备注 |
| 1 | 0104788 | 202105827 | 第二样本阅览室/ [索取号:P316.2/12] | 在馆 |